000 00333nam a2200157Ia 4500
001 18243
003 IN-NITTTR
005 20251114233213.0
008 251113s9999||||xx |||||||||||||| ||eng||
040 _beng
040 _cIN-NITTTR
041 _aeng
082 _a891.432 K142A H
245 0 _aEkanki yatra-do /
942 _2ddc
_cBK
999 _c20877
_d20877